000 00633nam a22002172i 4500
999 _c6501
_d6501
001 6501
003 BD-JhCC
005 20180124181239.0
008 860101s1952 xxk 000 0 eng d
035 _a(BD-JhCC)6501
040 _aUKM
_cUKM
_dEQO
_dBD-JhCC
041 _aeng
082 _a808.042
_218
_bGLO 1975
100 1 _aGlover, Albert John.
245 1 0 _aBuild up your English :
_ba two year's course; exercises designed to increase a student's vocabulary in a variety of ways /
_c Albert John Glover,
260 _aDent,
_c1952
300 _a166 p. ;
_c19 cm
650 _aEnglish Language
942 _2ddc
_cBK